000 00744cam a2200241 a 4500
001 16900138
005 20180307035930.0
008 110802s2013 nyua 001 0 eng
010 _a 2011029985
020 _a9780073406312 (hard copy : alk. paper)
020 _a0073406317 (hard copy : alk. paper)
040 _aDLC
_cDLC
_dDLC
041 _aeng
042 _apcc
080 _a510 MIL
082 0 0 _a510 MIL
_223
100 1 _a37
101 _aMAT
245 1 0 _aPrealgebra /
_cJulie Miller, Molly O'Neill, Nancy Hyde.
906 _a7
_bcbc
_corignew
_d1
_eecip
_f20
_gy-gencatlg
942 _2ddc
_cBK
999 _c44267
_d44267